<?xml version="1.0" encoding="UTF-8"?>
<record
    xmlns:xsi="http://www.w3.org/2001/XMLSchema-instance"
    xsi:schemaLocation="http://www.loc.gov/MARC21/slim http://www.loc.gov/standards/marcxml/schema/MARC21slim.xsd"
    xmlns="http://www.loc.gov/MARC21/slim">

  <leader>00393nam a22001337a 4500</leader>
  <controlfield tag="003">NUST</controlfield>
  <controlfield tag="005">20240321123653.0</controlfield>
  <controlfield tag="008">240321b           ||||| |||| 00| 0 eng d</controlfield>
  <datafield tag="028" ind1=" " ind2=" ">
    <subfield code="a">CRC Press</subfield>
  </datafield>
  <datafield tag="082" ind1=" " ind2=" ">
    <subfield code="a">307.1216028</subfield>
    <subfield code="b">MAR</subfield>
  </datafield>
  <datafield tag="245" ind1=" " ind2=" ">
    <subfield code="a">GIS in Sustainable Urban Planning and Management: A Global Perspective 1st Edition</subfield>
    <subfield code="c">by Martin van Maarseveen</subfield>
  </datafield>
  <datafield tag="260" ind1=" " ind2=" ">
    <subfield code="c">2019</subfield>
  </datafield>
  <datafield tag="942" ind1=" " ind2=" ">
    <subfield code="2">ddc</subfield>
    <subfield code="c">BK</subfield>
    <subfield code="e">1st Ed</subfield>
  </datafield>
  <datafield tag="999" ind1=" " ind2=" ">
    <subfield code="c">608717</subfield>
    <subfield code="d">608717</subfield>
  </datafield>
  <datafield tag="952" ind1=" " ind2=" ">
    <subfield code="0">0</subfield>
    <subfield code="1">0</subfield>
    <subfield code="2">ddc</subfield>
    <subfield code="4">0</subfield>
    <subfield code="7">0</subfield>
    <subfield code="a">NIT</subfield>
    <subfield code="b">NIT</subfield>
    <subfield code="d">2024-03-21</subfield>
    <subfield code="l">0</subfield>
    <subfield code="o">307.1216028 MAR</subfield>
    <subfield code="p">NIT-13718</subfield>
    <subfield code="r">2024-03-21</subfield>
    <subfield code="w">2024-03-21</subfield>
    <subfield code="y">BK</subfield>
  </datafield>
</record>
